00273nam a2200097 a 450000500170000000800410001705000170005810000170007524500460009226000370013820140414131916.0101019s19uu xx 00 eng d aERbM27 1998 aWest, Tracey aMagic School Bus :bLiz looks for a home. aNew York :bScholastic ,c1998.